Statistiques concernant Musique par lettre - R

Cliquez ici pour prendre le quiz!

Statistiques générales

  • Ce quiz a été pris 1 802 fois
  • Le résultat moyen est 9 sur 15

Statistiques - réponses

QuestionsRéponses% Correct
Titre du film dans lequel la chanson "Eye of the Tiger" du groupe Survivor apparaîtRocky 3
91%
Titre d'une chanson de Katy Perry, le clip la met en scène dans une jungle entourée d'animaux où elle apprend le rugissement du tigreRoar
87%
Chanteur français, auteur-interprète de "Morgane de toi", "Dès que le vent soufflera"...Renaud
83%
Groupe de rock britannique, interprète de "(I Can't Get No) Satisfaction", "Paint It Black"...The Rolling Stones
82%
Film Disney dans lequel apparaissent les chansons "Où est la vraie vie ?", "Je veux y croire", "J'ai un rêve"...Raiponce
81%
Chanteuse barbadienne, connue internationalement depuis les années 2000Rihanna
80%
Titre d'une chanson du groupe Police, sortie en 1978, une des plus connues du groupeRoxanne
75%
Groupe de rock britannique, interprète de "Creep", "No Surprises", "All I Need"...Radiohead
74%
Groupe de rock américain, interprète de "Californication", "Otherside"...Red Hot Chili Peppers
72%
Genre musical ayant émergé aux USA, à la fin des années 40 / début 50, Chuck Berry et Little Richard en sont des pionniersRock and Roll
63%
Titre d'une chanson du groupe britannique Queen, elle fait la critique des diffusions sur les ondes des mêmes chansons à des fins commercialesRadio Ga Ga
60%
Titre d'une chanson d'Otis Redding, reprise en 1967 par Aretha Franklin, devenue un hymne des droits civiques et un hymne féministeRespect
38%
Nom donné aux premiers concours de chant radiophoniques puis télévisuels, dont le développement à commencé dès les années 1930Radio crochets
25%
Groupe de rock britannique, formé par Bryan Ferry et Graham Simpson, interprète de "More Than This", "Avalon", "Love Is The Drug"...Roxy Music
12%
Nom du onzième album studio du groupe britannique Fleetwood Mac, les chansons ont été écrites dans un contexte particulièrement tendu entre les membres du groupe, il a reçu le Grammy Award de l'album de l'année 1978Rumours
12%

Distribution des résultats

Percentile par nombre de réponses

% des personnes avec chaque résultat

Votre développement - résultats

Vous n’avez pas pris ce quiz